Mechanika sypkých hmot

Guardado en:
Detalles Bibliográficos
Autor principal: Zegzulka, Jiří (Autor)
Formato: Libro
Lenguaje:checo
Publicado: Ostrava : VŠB - TU Ostrava, 2004
Edición:1. vyd.
Materias:
Etiquetas: Agregar Etiqueta
Sin Etiquetas, Sea el primero en etiquetar este registro!

MARC

LEADER 00000nam a22000003a 4500
001 stu140959
005 20150617225922.9
008 070507s2004----xr------------------cze-d
020 |a 80-248-0699-1 
040 |a STU  |b slo 
041 0 |a cze 
044 |a xr 
080 |a 621.6.04 
080 |a 531.731 
100 1 |a Zegzulka, Jiří  |4 aut 
245 1 |a Mechanika sypkých hmot 
250 |a 1. vyd. 
260 |a Ostrava :  |b VŠB - TU Ostrava,  |c 2004 
300 |a 186 s 
650 7 |a stroje a postupy pre dopravu tuhých látok, častíc a rôznych sypkých hmôt  |2 stusub 
650 7 |a meranie objemu tuhých telies, dutých telies a sypkých materiálov  |2 stusub 
996 |b 284J032542  |c J*107942  |l JJK6  |s P  |a 0  |w stu140959_0001